000 00793nam a2200265 a 4500
008
020 _a0444001751 (pbk.)
049 _aMAIN
090 _aQA76.5
100 1 _aSalisbury, Alan B.
245 1 0 _aMicroprogrammable computer architectures /
_cAlan B. Salisbury.
260 _aNew York :
_bElsevier,
_cc1976.
300 _axii, 161 p. ;
_c24 cm.
490 0 _aComputer design and architecture series ;
_v1
500 _aIncludes index.
504 _aIncludes bibliographical references.
500 _aIncludes index.
650 0 _aElectronic digital computers.
650 0 _aMicroprogramming.
907 _a.b10044541
_b26-01-07
_c17-04-03
003
005 20230123133214.0
040 _cNUST
942 _cBOOKS
_kQA76.5
999 _c144553
_d144553